| 000 | 00838nam a2200229 4500 | ||
|---|---|---|---|
| 003 | CO-ViMGA | ||
| 020 | _a9789588954370 | ||
| 040 |
_aCO-ViMGA _bspa _cCO-ViMGA |
||
| 090 | _aC POM1 | ||
| 100 | 1 |
_aPombo, Rafael, _d1833-1912 _92448 |
|
| 245 | 1 | 0 |
_aLa pobre viejecita / _cRafael Pombo ; ilustraciones de Marcos Guardiola |
| 260 |
_aBogotá : _bBabel |
||
| 300 |
_a[30] páginas sin numerar : _bIlustraciones en color ; 27 cm. |
||
| 490 | _aPlan Nacional de Lectura y Escritura Leer es mi Cuento / Ministerio de Cultura | ||
| 500 | _a De 6 A 8 Años | ||
| 650 | 1 | 4 |
_aAbuelos En La Literatura _97912 |
| 650 | 1 | 4 |
_aAncianos En La Literatura _98034 |
| 650 | 1 | 4 |
_aCuentos Infantiles Colombianos - Siglo Xix _98032 |
| 650 | 1 | 4 |
_aLiteratura Infantil Colombiana - Siglo Xix _98033 |
| 700 | 1 |
_aGuardiola, Marcos, _eil. _98035 |
|
| 942 |
_2ddc _cBK |
||
| 999 |
_c7704 _d7704 |
||